| 000 | 00488nam a22001697a 4500 | ||
|---|---|---|---|
| 999 |
_c158128 _d158128 |
||
| 005 | 20181017150127.0 | ||
| 010 | _aB-896672 | ||
| 020 |
_a8126002948 _c25.00 |
||
| 035 | _aB-896672 | ||
| 082 | _a370.92 | ||
| 100 | _a jha, Hetukar | ||
| 245 |
_aAmaranatha jha/ _cby Hetukar jha |
||
| 260 |
_aNew Delhi _bSahitya Akademi _c1997 |
||
| 300 |
_a80 p. _c21 c.m. (Pb) |
||
| 942 |
_2ddc _cEN _h370.92 _mJHA |
||